[Event "TUR-chT2"]
[Site "Konya"]
[Date "2018.07.14"]
[Round "7.20"]
[White "Akbas, Muhammet Eray"]
[Black "Eken, Sevki Kivanc"]
[Result "1/2-1/2"]
[WhiteElo "1411"]
[BlackElo "1206"]
[PlyCount "37"]
[EventDate "2018.07.10"]
[EventType "team-swiss"]
[EventRounds "9"]
[EventCountry "TUR"]
[SourceTitle "EXT 2019"]
[Source "ChessBase"]
[SourceDate "2018.10.10"]
[SourceVersion "1"]
[SourceVersionDate "2018.10.10"]
[SourceQuality "1"]
[WhiteTeam "Burdur Belediyesi"]
[BlackTeam "Antalya Deniz Genclik"]
[WhiteTeamCountry "TUR"]
[BlackTeamCountry "TUR"]

1. g3 g6 2. Bg2 Bg7 3. Nf3 d6 4. 0-0 Nf6 5. d4 0-0 6. Bg5 Nbd7 7. Qe1 c5 8. c3 a6 9. a4 Rb8 10. e4 cxd4 11. cxd4 e5 12. Nc3 h6 13. Be3 Re8 14. a5 Ng4 15. Bc1 b5 16. h3 Bb7 17. Qd2 Kh7 18. Nh2 Qc8 19. Qd1 1/2-1/2